| 000 | 00792nam a2200217Ia 4500 | ||
|---|---|---|---|
| 001 | 16114 | ||
| 003 | GE_BSU | ||
| 008 | 181216s||||||||xx |||||||||||||| ||und|| | ||
| 040 | _cGE_BSU | ||
| 080 | _a616.98:579 | ||
| 100 | _aნანუაშვილი, ალექსანდრე | ||
| 245 | _aბაქტერიული ინფექციები | ||
| 260 | _aთბილისი | ||
| 260 | _bშპს გაზ. "საქართველოს მაცნეს" სტ. | ||
| 260 | _c2009 | ||
| 300 | _a315 გვ. : ცხრ. ; 29 სმ. | ||
| 300 | _eსაძიებელი გვ.304-309 | ||
| 520 | _aეძღვნ. აკად. ვახტანგ ბოჭორიშვილის ხოვნას. | ||
| 541 | _h17ლ. | ||
| 942 | _cBK | ||
| 999 |
_c49203 _d49203 |
||